Регионална библиотека "Любен Каравелов" - Русе

Кратко оглашение за взаимните български училища (Запис номер 158530)

MARC детайли
000 -Лидер
Контролно поле с фиксирана дължина 01495nam a2200349 c 4500
003 - Код на организацията, давaща контролен номер
Контролно поле BLK
005 - Дата и час на последна редакция
Контролно поле 20180420234441.0
008 - Елементи от данни с фиксирана дължина
fixed length control field 180410b bul|||||r ||||||| ||bul||
010 ## - Наследен системен номер
LC control number KNG00165582000
040 ## - Източник на каталожния запис
Идентификатор на билиотеката - собственик на записа BLK
041 ## - Код за език
Код за езика на текст/звукозапис или на отделно заглавие Български
Код за езика КДБФ Български
072 #7 - Код за тематичната категория
Код организация bullib
Код за тематична категория С
Текст Старопечатен фонд
080 ## - УДК
Текстов определител УДК Религиозно (християнско) възпитание
УДК код - определител по УДК 37.01:23/28
УДК определител (497.2)
УДК - код + определител 37.01:23/28(497.2)
100 1# - Редна дума - Автор
Автор Попов, Костаки Иванов
Авторска отговорност първи автор
R(LIN) 334130
139 ## - Редно поле
Редна дума Попов, Костаки Иванов
Авторски знак Попов - П 76
245 10 - Сведения за заглавието
Заглавие Кратко оглашение за взаимните български училища
Подзаглавни данни Наредил К. И. П. ; със иждивението на родолюбивото българско общество от Браила
Редно поле (дума) Костаки Иванов Попов.
250 ## - Област на изданието
Сведения за изданието 1. изд.
257 ## - Страна на издаване
Страна на създаване/издаване България
260 ## - Област на издателските данни
-- Болград
Година на издаване 1861
Печатница Болград : в печатницата на Българското централно у
300 ## - Физическа характеристика
Страници 30 с.
Размери/Мащаб 18 см
380 ## - Жанр
Жанр Обществени науки
500 ## - Общи забележки
Забележка Дар от Никола Даков
650 #4 - Допълнително описание по предмет – тема
Основно описание – тема или топоним Религиозно възпитание - България
9 (RLIN) 255236
651 #4 - Допълнително описание по предмет - топоним
Географско понятие България
9 (RLIN) 241624
653 ## - Ключова дума – ненормативна
Ключова дума религиозно възпитание
659 ## - Тематичен бюлетин
Тематичен бюлетин С
852 ## - Местоположение
Форматна сигнатура Цб Ст 7599 * 556
856 4# - Електронен адрес и достъп
Електронен формат pdf - файл
Път до файла /url/
856 4# - Електронен адрес и достъп
Електронен формат pdf - файл
Път до файла /url/
942 ## - АРТИКУЛИ
Вид на библиотечния материал Книги
Скрит в OPAC Не
944 ## - СЪЗДАВАНЕ И РЕДАКЦИЯ на ЗАПИСА
Създаване/Редакция Създаване
Дата на регистрацията/редакция 03.10.2014
Служител, извършил регистрацията/редакцията Теодора_Стоянова
944 ## - СЪЗДАВАНЕ И РЕДАКЦИЯ на ЗАПИСА
Създаване/Редакция Редакция
Дата на регистрацията/редакция 03.10.2014
Служител, извършил регистрацията/редакцията
999 ## - СИСТЕМНИ КОНТРОЛНИ НОМЕРА
Koha biblionumber 158530
Koha biblioitemnumber 158530
Наличности
Код за отписване Код за изгубен артикул Източник на класификационната схема Код за повреда Коз за рестрикции Код за отдаване Артикулен № Име на библиотеката - собственик Име на библиотеката, в която се намира в момента Статус (Текущо местоположение) Дата на вписване в системата Местоположение - отдел Цена в лева Инвентарен номер Систематично азбучна сигнатура Баркод Номер на екземпляра Цена в евро Служебна бележка Служебен тип на артикула
  Не е изгубен Universal Decimal Classification Не е повреден само за читалня Специални фондове ( старопечатни, редки и ценни, фонд М. Арнаудов) 265094 Регионална библиотека "Любен Каравелов" Русе Регионална библиотека "Любен Каравелов" Русе Старопечатен фонд 1861-01-01 Старопечатен фонд 15.00 77-ст Цб Ст 7599 * 556 900000000744 1 7.67 Дост: DA Вид: Сф Дата: 01.01.1861 Дата инв: 02.04.2018 Бележки инв: СТ2018 Книги
Vip Innovations Ltd, Rousse, Bulgaria 2025